000 00841nam a22002297a 4500
999 _c161462
_d161462
005 20190819102349.0
010 _a1819CHEN B-720902-922
020 _a978818105010X
_c450.00
035 _aB-720902-922
035 _aB-728617
037 _bGaurav Prakashan
082 _aS
100 _aGrahame, Kenneth
245 _aThe wind in the willows /
_bby Kenneth Grahame
260 _aDelhi
_bGaurav Prakashan
_c2018
270 _a518/6-B, Karkari Road, Vishwas Nagar, Shahadra
_bDelhi
_e110032
300 _a184p.:
_c22cm(Hb)
_bill.
500 _aAirport
942 _2ddc
_cCH
_mGRA
_hS